Christmas Jumble II Quiz Stats

 Plays Quiz not verified by Sporcle

Score 0/17 Timer 04:00
0 Plays Today
Jumbled Unjumbled % Correct
oyjJoy
99.1%
owbBow
96%
yotToy
95.1%
yolhlHolly
94.7%
hlaoHalo
92%
erte Tree
92%
nsaatSanta
90.2%
gngeog Eggnog
80.9%
ensretps Presents
76.4%
Jumbled Unjumbled % Correct
capeePeace
76.4%
lhgiesSleigh
72.4%
losmtteieMistletoe
70.2%
ksieocoCookies
67.1%
orbnbiRibbon
60.9%
rsblemuSlumber
25.3%
mipcaossnoCompassion
23.1%
anewims Wiseman
15.6%

You're not logged in!

Compare scores with friends on all Sporcle quizzes.
OR
Log In

Show Comments

Extras

Top Quizzes Today


Score Distribution

Your Account Isn't Verified!

In order to create a playlist on Sporcle, you need to verify the email address you used during registration. Go to your Sporcle Settings to finish the process.

Report this User

Report this user for behavior that violates our Community Guidelines.

Details: